María Fontán

Tallennettuna:
Bibliografiset tiedot
Päätekijä: Azorín
Aineistotyyppi: Kirja
Kieli:Undetermined
Julkaistu: Madrid, España Espasa-Calpe 1971
Painos:4
Aiheet:
Tagit: Lisää tagi
Ei tageja, Lisää ensimmäinen tagi!

MARC

LEADER 00000nam a2200000Ia 4500
008 170316s9999 xx 000 0 und d
040 |a cru BVZT 
090 |a 862 A-52m 
100 |a Azorín 
245 |a María Fontán 
250 |a 4 
260 |a Madrid, España 
260 |b Espasa-Calpe 
260 |c 1971 
300 |a 158 páginas 
650 |a LITERATURA ESPAÑOLA 
650 |a NOVELA 
999 |c 9474  |d 9474 
942 |c 15 D  |h 862 A-52m  |2 z